| 000 | 00796nam a22002417a 4500 | ||
|---|---|---|---|
| 999 |
_c14919 _d14919 |
||
| 003 | AR-CdUCM | ||
| 008 | 190424b ||||| |||| 00| 0 spa d | ||
| 020 | _a978-987-613-057-8 | ||
| 040 |
_aMUNICIPALIDAD PROVINCIAL DEL CUSCO _cBIBLIOTECA MUNICIPAL DEL CUSCO |
||
| 082 |
_aEP / 803 / _bH52 |
||
| 110 |
_aGargola ediciones _933890 |
||
| 245 |
_aHigh School : _bMusical / |
||
| 260 |
_aBuenos Aires : _bGargola, _c2007. |
||
| 300 |
_bilustraciones, _c23 cm. _a92 páginas ; |
||
| 440 |
_aDisney Enterprises, Inc. _933891 |
||
| 505 | _aContenido :High school, musical. | ||
| 650 |
_a Cuento infantil _933571 |
||
| 650 |
_aPrimera infancia _924660 |
||
| 650 |
_aLiteratura infantil _9588 |
||
| 700 |
_aLerendegui, Silvia (traducción) _933892 |
||
| 942 |
_2ddc _cLIBROS |
||
| 945 |
_arum _d2019-04-25 |
||